Movies Quiz

Random Movies or Disney Quiz

Disney Last Names Quiz Stats

 Plays Quiz not verified by Sporcle

Challenge
Share
Tweet
Embed
Score 0/20 Timer 04:00
0 Plays Today
First Name Last Name % Correct
Lightning McQueen
90.6%
BuzzLightyear
90.6%
MikeWazowski
85.9%
JackSparrow
85.9%
EbenezerScrooge
84.4%
FlynnRider
82.8%
BobParr
75%
Stanley Yelnats
54.7%
MiaThermopolis
45.3%
Carl Fredricksen
37.5%
First Name Last Name % Correct
VictorFrankenstein
28.1%
WinnieFoster
20.3%
AliceKingsleigh
15.6%
BillYoast
14.1%
JesseAarons
14.1%
JoeKingman
12.5%
Anna Coleman
10.9%
SkeeterBronson
10.9%
Penny Chenery
9.4%
Dave Douglas
7.8%

You're not logged in!

Compare scores with friends on all Sporcle quizzes.
Join for Free
OR
Log In

You Might Also Like...

Show Comments

Extras

Top Quizzes Today


Score Distribution

Your Account Isn't Verified!

In order to create a playlist on Sporcle, you need to verify the email address you used during registration. Go to your Sporcle Settings to finish the process.

Report this User

Report this user for behavior that violates our Community Guidelines.

Details: